|
|
|
|
| LEADER |
00984nam a22002892i 4500 |
| 001 |
001502092 |
| 003 |
CZ BrMZK |
| 005 |
20151216112017.0 |
| 007 |
ta |
| 008 |
151216s1931 xr er|||||||||||cze d |
| 015 |
|
|
|a cnb000935917
|
| 035 |
|
|
|a (OCoLC)85512089
|
| 040 |
|
|
|a ABA001
|b cze
|c KLG001
|d ABA001
|e rda
|
| 041 |
1 |
|
|a cze
|h eng
|
| 100 |
1 |
|
|a Dreiser, Theodore,
|d 1871-1945
|7 jn19990001866
|4 aut
|
| 245 |
1 |
0 |
|a Sestra Carrie =
|b [Sister Carrie] : román.
|n Díl první /
|c Theodore Dreiser ; [přeložili Jaroslav a Karel Krausové]
|
| 264 |
|
1 |
|a Praha :
|b Čin,
|c 1931
|
| 300 |
|
|
|a 309, [I] stran ;
|c 8°
|
| 336 |
|
|
|a text
|b txt
|2 rdacontent
|
| 337 |
|
|
|a bez média
|b n
|2 rdamedia
|
| 338 |
|
|
|a svazek
|b nc
|2 rdacarrier
|
| 490 |
1 |
|
|a Románová knihovna Proud ;
|v sv. 47.
|
| 830 |
|
0 |
|a Románová knihovna Proud
|
| 910 |
|
|
|a BOA001
|b 1-0067.837,47/1
|
| 990 |
|
|
|a BK
|
| 991 |
|
|
|b 201512
|
| 996 |
6 |
|
|b 2619094038
|c 1-0067.837,47/1
|l MZK
|r Sklad / do 1 hodiny
|n 0
|w 001537170
|u 000010
|a 1
|e BOA001
|j MZK50
|s P
|